The real MCTS/MCITP exam 70-640 : (Record no. 2906)

MARC details
000 -LEADER
fixed length control field 01768cam a22004097a 4500
001 - CONTROL NUMBER
control field 15322835
003 - CONTROL NUMBER IDENTIFIER
control field OSt
005 - DATE AND TIME OF LATEST TRANSACTION
control field 20160128142623.0
008 - FIXED-LENGTH DATA ELEMENTS--GENERAL INFORMATION
fixed length control field 080609s2008 maua 001 0 eng d
010 ## - LIBRARY OF CONGRESS CONTROL NUMBER
LC control number 2008274140
020 ## - INTERNATIONAL STANDARD BOOK NUMBER
International Standard Book Number 1597492353
020 ## - INTERNATIONAL STANDARD BOOK NUMBER
International Standard Book Number 9781597492355
035 ## - SYSTEM CONTROL NUMBER
System control number (OCoLC)ocn181602119
040 ## - CATALOGING SOURCE
Original cataloging agency BTCTA
Transcribing agency BTCTA
Modifying agency BAKER
-- ZQP
-- DLC
042 ## - AUTHENTICATION CODE
Authentication code lccopycat
050 00 - LIBRARY OF CONGRESS CALL NUMBER
Classification number QA76.618
Item number .A775 2008
082 00 - DEWEY DECIMAL CLASSIFICATION NUMBER
Classification number 004
Edition number 22
Item number THE 2008
100 1# - MAIN ENTRY--PERSONAL NAME
Personal name Alpern, Naomi J.
9 (RLIN) 6619
245 14 - TITLE STATEMENT
Title The real MCTS/MCITP exam 70-640 :
Remainder of title active directory configuration ; prep kit /
Statement of responsibility, etc. Tony Piltzeker, technical editor ; Robert J. Shimonski, technical reviewer ; Naomi Alpern ... [et al.].
246 14 - VARYING FORM OF TITLE
Title proper/short title Real MCTS/MCITP Windows server 2008 configuring active directory, exam 70-640 :
Remainder of title prep kit
246 3# - VARYING FORM OF TITLE
Title proper/short title MCTS/MCITP Windows server 2008 configuring active directory, exam 70-640 :
Remainder of title prep kit.
246 18 - VARYING FORM OF TITLE
Title proper/short title Real MCTS/MCITP prep kit :
Remainder of title exam 70-640
260 ## - PUBLICATION, DISTRIBUTION, ETC. (IMPRINT)
Place of publication, distribution, etc. Burlington, MA :
Name of publisher, distributor, etc. Syngress Media,
Date of publication, distribution, etc. 2008.
300 ## - PHYSICAL DESCRIPTION
Extent xxxi, 710 p. :
Other physical details ill. ;
Dimensions 24 cm. +
Accompanying material 1 CD-ROM (4 3/4 in.)
500 ## - GENERAL NOTE
General note Includes index.
630 00 - SUBJECT ADDED ENTRY--UNIFORM TITLE
Uniform title Microsoft Windows server.
9 (RLIN) 6620
650 #0 - SUBJECT ADDED ENTRY--TOPICAL TERM
Topical term or geographic name as entry element Client/server computing.
9 (RLIN) 2333
650 #0 - SUBJECT ADDED ENTRY--TOPICAL TERM
Topical term or geographic name as entry element Electronic data processing personnel
General subdivision Certification.
9 (RLIN) 6621
650 #0 - SUBJECT ADDED ENTRY--TOPICAL TERM
Topical term or geographic name as entry element Microsoft software
General subdivision Examinations
Form subdivision Study guides.
9 (RLIN) 6622
700 1# - ADDED ENTRY--PERSONAL NAME
Personal name Piltzecker, Anthony.
9 (RLIN) 6623
700 1# - ADDED ENTRY--PERSONAL NAME
Personal name Shimonski, Robert.
9 (RLIN) 6624
856 42 - ELECTRONIC LOCATION AND ACCESS
Materials specified Publisher description
Uniform Resource Identifier http://www.loc.gov/catdir/enhancements/fy0902/2008274140-d.html
906 ## - LOCAL DATA ELEMENT F, LDF (RLIN)
a 7
b cbc
c copycat
d 2
e ncip
f 20
g y-gencatlg
942 ## - ADDED ENTRY ELEMENTS (KOHA)
Source of classification or shelving scheme Dewey Decimal Classification
Koha item type Short Loan
Holdings
Withdrawn status Lost status Source of classification or shelving scheme Damaged status Not for loan Home library Current library Date acquired Inventory number Total Checkouts Full call number Barcode Date last seen Price effective from Koha item type
    Dewey Decimal Classification     MUST Main Library MUST Main Library 28/01/2016 2010/32086   004 THE 2008 2016-0003 28/01/2016 28/01/2016 Short Loan